000 00898nam a22002177a 4500
999 _c2179
_d2179
003 AR-CdUCM
008 190304b ||||| |||| 00| 0 spa d
040 _aMUNICIPALIDAD PROVINCIAL DEL CUSCO
_cBIBLIOTECA MUNICIPAL DEL CUSCO
082 _a371.39 /
_bH82
100 _aHuaranga Ross, Oscar
_97857
245 _aEstrategia de proyectos :
_ben la pedagogía activa /
260 _aLima :
_bSan Marcos,
_c1999.
300 _a176 páginas ;
_c20 cm.
440 _aConstructivismo y articulacioón
_n3
_97858
505 _aAntecedentes históricos filosóficos de los proyectos en el aula -- El movimiento pedagógico -- La nueva didáctica o los métodos activos de la escuela nueva -- El método proyecto en la escuela...
650 _aProyectos de pedagogía.
_97859
650 _aAula constructiva.
_97860
650 _aProyecto en aula.
_97861
942 _2ddc
_cLIBROS
945 _awfj
_d2019-03-04